00358nam a2200121 a 4500008004100000050001400041100002100055245005100076246004700127260003400174300001900208350000900227120416s1976 ||||||||||||||||| || u aUA 11 Bra aBrauers, Wim K.M10aSystems analysis, planning and decision models awith special reference to national defence aAmsterdambElsevier Pubc1976 ax, 167p. : ill a0.00